00321cam a22001097a 4500008004000000082001700040100002300057245006700080260002500147300001000172650002900182180718b1917 xxu||||| |||| 00| 0 eng d aA99 B463/P17 aPal, Bepin Chandra aMrs. Annie Besant: a psychological studycby Bepin Chandra Pal aMadrasbGaneshc1917 a725p. aBesant, Annie, 1847-1933